|
|
|
|
| LEADER |
00922cam a2200229 7i4500 |
| 001 |
0000021480 |
| 005 |
20081201090000.0 |
| 020 |
0 |
0 |
|a 978-967-99911-8-5
|
| 090 |
0 |
0 |
|a M 338.9595
|b MAL
|
| 245 |
0 |
0 |
|a Mid-term review of the ninth Malaysia plan 2006-2010.
|
| 260 |
0 |
0 |
|a Putrajaya:
|b Economic Planning Unit, Prime Minister's Department,
|c 2008.
|
| 300 |
# |
# |
|a 120 p.
|
| 650 |
0 |
0 |
|a Malaysia --
|x Economic conditions
|
| 650 |
0 |
0 |
|a Malaysia --
|x Economic policy
|
| 650 |
0 |
0 |
|a Economic planning --
|z Malaysia
|
| 651 |
0 |
0 |
|a Malaysia
|
| 999 |
|
|
|a JHR000075H
|b Book
|c Malaysia
|e MATRADE Southern Regional Office
|
| 999 |
|
|
|a 0000022679
|b Book
|c Malaysia
|e Business Information Centre
|
| 999 |
|
|
|a PNG000772H
|b Book
|c Malaysia
|e MATRADE Northern Regional Office
|
| 999 |
|
|
|a SBH000751H
|b Book
|c Malaysia
|e MATRADE Sabah
|
| 999 |
|
|
|a SRW000178H
|b Book
|c Malaysia
|e MATRADE Sarawak
|
| 999 |
|
|
|a TRG000003H
|b Book
|c Malaysia
|e MATRADE Eastern Regional Office
|